Mulher e Mercosul. Mujer y Mercosur /
Este documento incluye un resumen de las políticas, estrategias y acciones que la UE, ha venido desarrollando en materia de igualdad de oportunidades. Informa asimismo, de las estructuras comunitarias encargadas de esa materia y del sistema legal adoptado. Por último, en el marco de las conclusiones...
Sparad:
| Huvudupphovsman: | |
|---|---|
| Övriga upphovsmän: | |
| Materialtyp: | Text |
| Publicerad: |
Brasilia:
FLACSO. BID
|
| Ämnen: | |
| Taggar: |
Lägg till en tagg
Inga taggar, Lägg till första taggen!
|
MARC
| LEADER | 00000 a a2200000 04500 | ||
|---|---|---|---|
| 001 | 37984 | ||
| 003 | |||
| 040 | |||
| 020 | |a 85-87318-03-9 | ||
| 090 | |a 1003 M953mu vol. 2 | ||
| 100 | |a Vogel, Arno | ||
| 245 | |a Mulher e Mercosul. Mujer y Mercosur / |c Arno Vogel | ||
| 260 | |a Brasilia: |b FLACSO. BID | ||
| 300 | |a 163 p.; vol. 2 | ||
| 520 | |a Este documento incluye un resumen de las políticas, estrategias y acciones que la UE, ha venido desarrollando en materia de igualdad de oportunidades. Informa asimismo, de las estructuras comunitarias encargadas de esa materia y del sistema legal adoptado. Por último, en el marco de las conclusiones realiza algunas recomendaciones para avanzar en el proceso | ||
| 650 | |a IGUALDAD DE GENERO | ||
| 650 | |a UNION EUROPEA | ||
| 700 | |a org. |a Nascimento, Edson |a org. | ||
| 999 | |c 16731 |d 16731 | ||



